| 000 | 00476 a2200169 4500 | ||
|---|---|---|---|
| 020 | _a0806513500 | ||
| 035 | _a1198549 | ||
| 090 |
_c2642 _d2642 |
||
| 100 | 1 | 0 | _aHart, Michael H. |
| 245 | 1 | 4 |
_aThe 100 _b: a ranking of the most influential persons in history _c/ Michael H. Hart. |
| 260 | 0 |
_aNew York _b: Hart Pub. Co. _c, c1978. |
|
| 300 |
_a572 p. _b: ill. _c; 27 cm. |
||
| 500 | _aA Hart book. | ||
| 500 | _aIncludes index. | ||
| 650 | 0 | _aBiography. | |
| 942 |
_cBK _k920.02 HAR |
||
| 999 |
_c6564 _d6564 |
||